[Event "Challenge"]
[Site "http://www.queenalice.com/game.php?id=142161"]
[Date "2006.12.15"]
[Round "-"]
[White "Waddler"]
[Black "pimpi"]
[Result "0-1"]
[WhiteElo "1100"]
[BlackElo "1680"]

1. Nc3 d5 2. f4 c5 3. a4 Nc6 4. a5 d4 5. Nb5 a6 6. Na3 Qxa5 7. h4 e5 8. g3 Nh6
9. Rb1 Nf5 10. Nc4 Qa2 11. Na3 Nxg3 12. Rh2 Ne4 13. b3 b5 14. Bb2 b4 15. Ra1
Qxb2 16. Nc4 Qxa1 17. Qxa1 exf4 18. Nb6 Rb8 19. Nd5 Bd6 20. d3 f3 21. dxe4 Bxh2
22. Nh3 Bg3+ 23. Nf2 fxe2 24. Bxe2 Bxh4 25. Nc7+ Ke7 26. Nd5+ Kd6 27. Bxa6 Ra8
28. Qc1 Rxa6 29. Qf4+ Ne5 30. Qxh4 Nf3+ 31. Ke2 Nxh4 32. Nd3 f5 33. N5f4 fxe4
34. Nb2 Ke5 35. Nh3 Bxh3 36. Nc4+ Kf4 37. Kf2 Ra1 38. Nb2 e3+ 39. Ke2 Bf1# 0-1

[Event "AUTO-BEG-50"]
[Site "http://www.queenalice.com/game.php?id=142345"]
[Date "2006.12.16"]
[Round "1"]
[White "wellcome"]
[Black "Waddler"]
[Result "1-0"]
[WhiteElo "1330"]
[BlackElo "1347"]

1. d4 Nc6 2. c3 h5 3. e3 e5 4. dxe5 Nxe5 5. Qd5 d6 6. Bb5+ c6 7. Bxc6+ bxc6 8.
Qd4 c5 9. Qd5 Rb8 10. Nf3 Qa5 11. Nxe5 dxe5 12. Qxe5+ Ne7 13. Qxb8 Qa4 14. O-O
h4 15. b3 Qd7 16. Na3 h3 17. Nb5 Qd5 18. Nc7+ Kd8 19. Nxd5 Nxd5 20. Rd1 Rh5 21.
Ba3 Rg5 22. g3 Kd7 23. e4 f5 24. Rxd5+ Ke6 25. Qxc8+ Ke7 26. Bxc5+ Kf7 27. Qxf8+
Kg6 28. exf5+ Kh5 29. Qh8+ Kg4 30. Qh4+ Kf3 31. Qxg5 a5 32. Re1 g6 33. Qe3+ Kg4
34. Qf4+ Kh5 35. Qh4# 1-0

[Event "AUTO-BEG-50"]
[Site "http://www.queenalice.com/game.php?id=142346"]
[Date "2006.12.16"]
[Round "1"]
[White "Waddler"]
[Black "wellcome"]
[Result "0-1"]
[WhiteElo "1324"]
[BlackElo "1395"]

1. Nf3 e6 2. Nc3 Bd6 3. a4 Qf6 4. Ne4 Qe7 5. e3 Bb4 6. c3 Ba5 7. b4 Bb6 8. a5 f5
9. Ng3 f4 10. exf4 Bxf2+ 11. Kxf2 Nf6 12. Bc4 Qd6 13. Re1 Ng4+ 14. Kg1 O-O 15.
h3 Nf6 16. f5 b6 17. fxe6 dxe6 18. Ng5 bxa5 19. bxa5 Qc5+ 20. d4 Qxc4 21. Ra4
Qc6 22. d5 exd5 23. Re7 Qc5+ 24. Rd4 h6 25. Ne6 Qxe7 26. Nxf8 Kxf8 27. Qf1 c5
28. Nf5 Bxf5 29. Qxf5 cxd4 30. cxd4 Qe1+ 31. Qf1 Qxf1+ 32. Kxf1 Nc6 33. g4 Nxd4
34. Ba3+ Kg8 35. Kf2 Rc8 36. Kg3 Rc3+ 37. Kf4 Rxa3 38. Ke5 Nc6+ 39. Kd6 Rc3 40.
Kc7 Nxa5+ 41. Kd6 d4 42. Ke6 Rxh3 43. Kf5 d3 44. g5 d2 45. gxf6 gxf6 46. Kxf6
d1=Q 47. Ke5 Nc4+ 0-1

[Event "AUTO-BEG-50"]
[Site "http://www.queenalice.com/game.php?id=142371"]
[Date "2006.12.16"]
[Round "1"]
[White "MarcosSP41"]
[Black "Waddler"]
[Result "1-0"]
[WhiteElo "1417"]
[BlackElo "1368"]

1. e4 e5 2. Nc3 Qf6 3. Bc4 Bc5 4. Nh3 d6 5. Nd5 Bxh3 6. Nxf6+ gxf6 7. gxh3 Nh6
8. Rg1 Nc6 9. Qh5 Ng8 10. Qxf7+ Kd8 11. Be6 d5 12. Qf8+ Bxf8 13. Bxg8 Nd4 14.
Kd1 Nf3 15. Rg3 Nxh2 16. Bxd5 a5 17. Bxb7 Ra7 18. Bd5 Ra6 19. a4 f5 20. exf5 Rd6
21. Rd3 Rg8 22. Bxg8 Ke7 23. b3 Rf6 24. Rd5 Rxf5 25. Ba3+ Ke8 26. Bxh7 Rxf2 27.
Bg6+ Rf7 28. Rxe5+ Kd7 29. Bxf7 Nf3 30. Rxa5 Bh6 31. Bb4 Nxd2 32. Bxd2 Bxd2 33.
Kxd2 c5 34. Re1 c4 35. bxc4 Kc6 36. Re6+ Kb7 37. Rb5+ Ka7 38. a5 Ka8 39. Rbb6
Ka7 40. Re7+ Ka8 41. Bd5# 1-0

[Event "AUTO-BEG-50"]
[Site "http://www.queenalice.com/game.php?id=142372"]
[Date "2006.12.16"]
[Round "1"]
[White "Waddler"]
[Black "MarcosSP41"]
[Result "1-0"]
[WhiteElo "1329"]
[BlackElo "1327"]

1. e4 e5 2. Bc4 Bc5 3. Qf3 Nh6 4. d3 d5 5. Bxd5 b6 6. Bxh6 Qf6 7. Bxg7 Qxg7 8.
Bxa8 Bg4 9. Qg3 O-O 10. f3 f5 11. fxg4 fxg4 12. Ne2 h5 13. h3 Nd7 14. hxg4 hxg4
15. Bd5+ Rf7 16. Qf2 Nf6 17. Qf5 Nxd5 18. Qc8+ Rf8 19. Qe6+ Qf7 20. Qxe5 Ne3 21.
Qh8# 1-0

[Event "AUTO-OPEN-483"]
[Site "http://www.queenalice.com/game.php?id=142439"]
[Date "2006.12.16"]
[Round "1"]
[White "CampbellMarcel"]
[Black "Waddler"]
[Result "1-0"]
[WhiteElo "1873"]
[BlackElo "1368"]

1. e4 h5 2. d4 h4 3. h3 Nf6 4. e5 Ne4 5. Nd2 d5 6. Nxe4 dxe4 7. Bc4 c6 8. Bf4 a5
9. c3 a4 10. b3 e6 11. bxa4 Qa5 12. Ne2 Rh5 13. Ng3 Qxc3+ 14. Bd2 Qxc4 15. Nxh5
Qxd4 16. a5 Qd5 17. Bc3 Qxe5 18. Bxe5 Bb4+ 19. Kf1 Rxa5 20. Nxg7+ Kf8 21. Qd8#
1-0

[Event "AUTO-OPEN-483"]
[Site "http://www.queenalice.com/game.php?id=142440"]
[Date "2006.12.16"]
[Round "1"]
[White "Waddler"]
[Black "CampbellMarcel"]
[Result "1-0"]
[WhiteElo "1324"]
[BlackElo "586"]

1. e4 e6 2. Nf3 Bc5 3. g3 c6 4. Ne5 Qf6 5. f4 Qd8 6. d4 Bb6 7. Qg4 Qf6 8. h4 Nh6
9. Qf3 Bxd4 10. Na3 Bxe5 11. Nc4 Bd4 12. Nd6+ Ke7 13. Qa3 c5 14. Nc4 b5 15. Na5
b4 16. Qa4 Bxb2 17. e5 Bc3+ 18. Kd1 Qg6 19. Bd3 Qxg3 20. Qb5 Bd4 21. Re1 Ba6 22.
Qa4 Bxa1 23. Nb3 Bxd3 24. Nxa1 Qf3+ 25. Kd2 Qf2+ 26. Kxd3 Qxe1 27. Nb3 Qc3+ 28.
Ke2 Qxc2+ 29. Kf3 Nc6 30. Be3 Qd1+ 31. Kf2 Ng4+ 32. Kg3 Nxe3 33. Nxc5 Nf1+ 34.
Kf2 1-0

[Event "blubbbrrrrrrr"]
[Site "http://www.queenalice.com/game.php?id=143259"]
[Date "2006.12.18"]
[Round "-"]
[White "jimtheshaman"]
[Black "Waddler"]
[Result "0-1"]
[WhiteElo "1100"]
[BlackElo "1209"]

1. h4 Nf6 2. e3 Nc6 3. a4 e5 4. d4 e4 5. c3 a5 6. b4 axb4 7. cxb4 Bxb4+ 8. Bd2
d6 9. f3 d5 10. fxe4 dxe4 11. Ra2 Qd5 12. Rb2 h5 13. Nh3 Ng4 14. Nf4 Qf5 15. Ne2
Qf2# 0-1

[Event "Besen"]
[Site "http://www.queenalice.com/game.php?id=143274"]
[Date "2006.12.18"]
[Round "-"]
[White "Waddler"]
[Black "pimpi"]
[Result "0-1"]
[WhiteElo "1250"]
[BlackElo "1733"]

1. Nf3 d5 2. g4 Bxg4 3. h3 Bxf3 4. exf3 Nc6 5. c4 e6 6. b4 Qf6 7. d4 Nxd4 8. Bb2
Nxf3+ 9. Ke2 Qxb2+ 10. Nd2 Nxd2 11. Bg2 Ne4+ 12. Ke3 Qxf2+ 13. Kd3 Bxb4 14. Qa4+
c6 15. Qxb4 dxc4+ 16. Kxe4 Nf6+ 17. Ke5 Qg3+ 18. Kd4 Qd3+ 19. Kc5 Qd5+ 20. Bxd5
cxd5 21. Qxb7 O-O 22. Qc7 Rfc8 23. Qxc8+ Rxc8+ 24. Kd6 c3 25. Rac1 d4 26. Rhd1
d3 27. Rxd3 Rd8+ 28. Ke7 Rxd3 29. Rb1 Rd7# 0-1

[Event "Challenge"]
[Site "http://www.queenalice.com/game.php?id=145151"]
[Date "2006.12.22"]
[Round "-"]
[White "jimtheshaman"]
[Black "Waddler"]
[Result "0-1"]
[WhiteElo "1122"]
[BlackElo "1357"]

1. h4 g6 2. e3 b6 3. d4 h5 4. b4 d5 5. Nf3 Nc6 6. a3 a5 7. bxa5 Rxa5 8. Nfd2 g5
9. g4 hxg4 10. Bg2 gxh4 11. c3 h3 12. Bf1 h2 13. Bg2 e5 14. c4 exd4 15. cxd5 Ne5
16. exd4 Nd3+ 17. Ke2 Bf5 18. Nc4 Qe7+ 19. Kd2 Bh6+ 20. Kc3 Nxc1 21. Qb3 Nxb3
22. Kxb3 b5 23. Nxa5 Qe2 24. Rxh2 Qc2+ 25. Kb4 Bf8+ 26. Kxb5 Rxh2 27. Bf1 Qb2+
28. Nb3 Qxb3+ 29. Kc6 Bd7+ 30. Kxc7 Qxd5 31. a4 Rxf2 32. Bd3 Bd6+ 33. Kb6 Rb2+
34. Ka6 Qa8# 0-1